[Event "GER HS-136 email"]
[Site "GER email"]
[Date "2012.10.26"]
[Round "?"]
[White "Liewer, Markus"]
[Black "Philippeit, Boris"]
[Result "1/2-1/2"]
[WhiteElo "1959"]
[BlackElo "2074"]
[PlyCount "90"]
[EventDate "2012.11.02"]
[EventType "tourn (corr)"]
[EventRounds "6"]
[EventCountry "GER"]
[SourceTitle "Corr 2015"]
[Source "ChessBase"]
[SourceDate "2015.07.17"]
[SourceVersion "1"]
[SourceVersionDate "2015.07.17"]
[SourceQuality "1"]

1. e4 c5 2. Nf3 d6 3. d4 cxd4 4. Nxd4 Nf6 5. Nc3 a6 6. Be3 e5 7. Nb3 Be6 8. Be2 Be7 9. 0-0 0-0 10. Qd3 Nbd7 11. Nd5 Bxd5 12. exd5 Ne8 13. c4 Bg5 14. Bxg5 Qxg5 15. Na5 Rb8 16. b4 Nef6 17. h3 Rfe8 18. a3 h6 19. Rfd1 e4 20. Qe3 Qf5 21. Rab1 Ne5 22. a4 h5 23. b5 Qd7 24. Nb3 axb5 25. axb5 Qf5 26. Nd4 Qg6 27. Rb3 Nfd7 28. Qf4 Qf6 29. Qxf6 Nxf6 30. Re3 g6 31. b6 Rec8 32. Nb5 Nxc4 33. Bxc4 Rxc4 34. Nxd6 Rb4 35. f3 exf3 36. Rxf3 Kg7 37. Rdf1 Nxd5 38. Rxf7+ Kg8 39. Rc7 Rd8 40. Nc8 Re8 41. Rd1 Nxc7 42. bxc7 Rxc8 43. Rd8+ Kg7 44. Rxc8 Rc4 45. Kf1 b5 1/2-1/2

[Event "GER HS-136 email"]
[Site "GER email"]
[Date "2012.10.26"]
[Round "?"]
[White "Liewer, Markus"]
[Black "Wimmer, Ralph G"]
[Result "1/2-1/2"]
[WhiteElo "1959"]
[BlackElo "1922"]
[PlyCount "135"]
[EventDate "2012.11.02"]
[EventType "tourn (corr)"]
[EventRounds "6"]
[EventCountry "GER"]
[SourceTitle "Corr 2015"]
[Source "ChessBase"]
[SourceDate "2015.07.17"]
[SourceVersion "1"]
[SourceVersionDate "2015.07.17"]
[SourceQuality "1"]

1. e4 e5 2. Bc4 Bc5 3. Nc3 Nf6 4. d3 d6 5. h3 Nc6 6. Be3 Bxe3 7. fxe3 0-0 8. Nf3 a6 9. 0-0 b5 10. Bb3 Be6 11. Qe1 Qd7 12. Rd1 h6 13. a3 Bxb3 14. cxb3 b4 15. axb4 Nxb4 16. Nh4 Qd8 17. Qe2 Nxe4 18. dxe4 Qxh4 19. Qc4 a5 20. Qxc7 Qg5 21. Qxd6 Qxe3+ 22. Kh2 f6 23. Qe6+ Kh8 24. Rf3 Qc5 25. Na4 Qc8 26. Rd7 Rd8 27. Nb6 Qc6 28. Qe7 Rxd7 29. Nxd7 Qc7 30. Rg3 Rg8 31. Qe6 Qd8 32. Rc3 Qe8 33. Qd6 Qg6 34. Rg3 Qf7 35. Rf3 Qg6 36. Nxe5 Qxe4 37. Nc4 Qc6 38. Rf5 Ra8 39. Qxc6 Nxc6 40. Rc5 Nd4 41. Nxa5 Rb8 42. b4 Rxb4 43. Rc4 Rxc4 44. Nxc4 Kg8 45. Kg3 Kf7 46. Kf4 Nb3 47. Nd6+ Ke6 48. Nf5 g5+ 49. Ke4 Nd2+ 50. Kd3 Kxf5 51. Kxd2 Ke4 52. b4 f5 53. Kc3 Kd5 54. Kd3 h5 55. h4 gxh4 56. Ke3 Kc4 57. Kf4 Kxb4 58. Kxf5 Kc5 59. Kg5 h3 60. gxh3 h4 61. Kxh4 Kd6 62. Kg5 Ke7 63. h4 Kf8 64. Kg6 Kg8 65. h5 Kh8 66. h6 Kg8 67. h7+ Kh8 68. Kh6 1/2-1/2

[Event "Remote Easter final email"]
[Site "Remote email"]
[Date "2012.07.01"]
[Round "?"]
[White "Tauscher, Karl"]
[Black "Liewer, Markus"]
[Result "1/2-1/2"]
[WhiteElo "2500"]
[BlackElo "2417"]
[PlyCount "67"]
[EventDate "2012.??.??"]
[EventType "tourn (corr)"]
[EventRounds "4"]
[EventCountry "GER"]
[SourceTitle "Corr 2015"]
[Source "ChessBase"]
[SourceDate "2015.07.17"]
[SourceVersion "1"]
[SourceVersionDate "2015.07.17"]
[SourceQuality "1"]

1. e4 d5 2. exd5 Qxd5 3. Nf3 Nf6 4. Nc3 Qa5 5. d4 Bf5 6. Ne5 c6 7. Bc4 e6 8. g4 Bg6 9. h4 Nbd7 10. Nxd7 Nxd7 11. h5 Be4 12. Rh3 Bd5 13. Bd3 0-0-0 14. Kf1 h6 15. Nxd5 Qxd5 16. c3 Nf6 17. Qe2 Bd6 18. b4 Bc7 19. Bc4 Qe4 20. Qxe4 Nxe4 21. Rf3 Rd7 22. Kg2 b5 23. Bf1 a6 24. a4 Nf6 25. axb5 axb5 26. Bb2 Kb7 27. c4 bxc4 28. Bxc4 Bb6 29. Ba6+ Kc7 30. Rd1 e5 31. dxe5 Rxd1 32. exf6 gxf6 33. Bxf6 Rg8 34. g5 1/2-1/2

[Event "GER HS-119 email"]
[Site "GER email"]
[Date "2012.02.21"]
[Round "?"]
[White "Liewer, Markus"]
[Black "Schatz, Dieter"]
[Result "1-0"]
[WhiteElo "1917"]
[BlackElo "1799"]
[PlyCount "113"]
[EventDate "2012.02.27"]
[EventType "tourn (corr)"]
[EventRounds "6"]
[EventCountry "GER"]
[SourceTitle "Corr 2015"]
[Source "ChessBase"]
[SourceDate "2015.07.17"]
[SourceVersion "1"]
[SourceVersionDate "2015.07.17"]
[SourceQuality "1"]

1. e4 e6 2. d4 d5 3. Nc3 Bb4 4. exd5 exd5 5. Bd3 Nf6 6. Nge2 0-0 7. 0-0 Re8 8. a3 Bd6 9. Re1 c6 10. Bf4 Bg4 11. Qd2 Qc7 12. Bxd6 Qxd6 13. f3 Bh5 14. Qf4 Qxf4 15. Nxf4 Nbd7 16. Nce2 g5 17. Nxh5 Nxh5 18. g4 Ng7 19. h4 h6 20. Kf2 Nf6 21. Rh1 Ne6 22. Rh2 b6 23. Ng3 Kf8 24. Nf5 Ng8 25. Rah1 Nf4 26. b3 Re6 27. hxg5 hxg5 28. Ng3 Nxd3+ 29. cxd3 Rae8 30. Rh5 Rg6 31. Nf5 Ree6 32. Rh8 Ke8 33. b4 a6 34. a4 Kf8 35. Rc1 Re8 36. b5 axb5 37. axb5 cxb5 38. Rc7 b4 39. Rh7 Nf6 40. Rhxf7+ Kg8 41. Rb7 Rd8 42. Rfc7 Ne8 43. Ne7+ Kg7 44. Rc6 Rf6 45. Nxd5+ Rf7 46. Rxf7+ Kxf7 47. Nxb4 Rd6 48. Rxd6 Nxd6 49. f4 Nb5 50. d5 Kf6 51. Ke3 Nd6 52. Nc6 Nb5 53. fxg5+ Kxg5 54. Ke4 Kf6 55. g5+ Kxg5 56. Ke5 Kg6 57. d6 1-0

[Event "Remote S7 Top 58 email"]
[Site "Remote email"]
[Date "2012.01.22"]
[Round "?"]
[White "Liewer, Markus"]
[Black "Tauscher, Karl"]
[Result "1/2-1/2"]
[WhiteElo "2417"]
[BlackElo "2454"]
[PlyCount "76"]
[EventDate "2012.??.??"]
[EventType "tourn (corr)"]
[EventRounds "6"]
[EventCountry "GER"]
[SourceTitle "Corr 2015"]
[Source "ChessBase"]
[SourceDate "2015.07.17"]
[SourceVersion "1"]
[SourceVersionDate "2015.07.17"]
[SourceQuality "1"]

1. e4 e5 2. Nf3 Nc6 3. Bc4 Nf6 4. Ng5 d5 5. exd5 Na5 6. Bb5+ c6 7. dxc6 bxc6 8. Be2 h6 9. Nh3 Bd6 10. d3 0-0 11. 0-0 Rb8 12. Nc3 Nb7 13. Kh1 Nc5 14. Ng1 Qc7 15. Nf3 e4 16. dxe4 Nfxe4 17. Nxe4 Nxe4 18. b3 Bg4 19. Be3 Rfe8 20. h3 Bh5 21. Nd4 Nc3 22. Qd2 Nxe2 23. Nxe2 Bb4 24. Qd3 Bg6 25. Qd4 Re4 26. Qxa7 Qc8 27. Rfd1 Bf5 28. a3 Ra8 29. Qxa8 Qxa8 30. axb4 Qc8 31. Rd4 Kh7 32. Ra5 Rxd4 33. Nxd4 Bxh3 34. Rc5 Qg4 35. gxh3 Qxh3+ 36. Kg1 Qg4+ 37. Kf1 Qd1+ 38. Kg2 Qg4+ 1/2-1/2

[Event "GER OS-177 email"]
[Site "GER email"]
[Date "2011.11.28"]
[Round "?"]
[White "Ritter, Uwe"]
[Black "Liewer, Markus"]
[Result "0-1"]
[WhiteElo "1709"]
[BlackElo "1917"]
[PlyCount "78"]
[EventDate "2011.12.06"]
[EventType "tourn (corr)"]
[EventRounds "6"]
[EventCountry "GER"]
[SourceTitle "Corr 2015"]
[Source "ChessBase"]
[SourceDate "2015.07.17"]
[SourceVersion "1"]
[SourceVersionDate "2015.07.17"]
[SourceQuality "1"]

1. d4 Nf6 2. c4 e6 3. g3 d5 4. Bg2 dxc4 5. Nf3 a6 6. 0-0 Nc6 7. Nc3 Rb8 8. e4 Be7 9. Qe2 b5 10. Rd1 0-0 11. d5 exd5 12. e5 d4 13. exf6 Bxf6 14. Qe4 Bb7 15. Nd5 Nb4 16. Nxf6+ Qxf6 17. Qf4 c5 18. Qxf6 gxf6 19. Bf4 Rbd8 20. Bc7 Rc8 21. Bd6 Rfd8 22. Be7 Re8 23. Bxf6 Nd3 24. Rd2 Bc6 25. b3 Be4 26. bxc4 bxc4 27. Re2 Ba8 28. Nxd4 Bxg2 29. Rxe8+ Rxe8 30. Nf5 Bf3 31. Ne3 Re6 32. Bc3 f5 33. Rb1 Kf7 34. a3 f4 35. Nxc4 Ke7 36. Nd2 Bd5 37. f3 Re3 38. a4 h5 39. Kg2 Ne1+ 0-1

[Event "GER OS-174 email"]
[Site "GER email"]
[Date "2011.09.30"]
[Round "?"]
[White "Liewer, Markus"]
[Black "Kaupat, Thomas"]
[Result "1-0"]
[WhiteElo "1771"]
[BlackElo "1402"]
[PlyCount "45"]
[EventDate "2011.10.04"]
[EventType "tourn (corr)"]
[EventRounds "6"]
[EventCountry "GER"]
[SourceTitle "Corr 2015"]
[Source "ChessBase"]
[SourceDate "2015.07.17"]
[SourceVersion "1"]
[SourceVersionDate "2015.07.17"]
[SourceQuality "1"]
[WhiteTeam "Germany"]
[BlackTeam "Germany"]
[WhiteTeamCountry "GER"]
[BlackTeamCountry "GER"]

1. e4 c5 2. Nf3 d6 3. d4 cxd4 4. Nxd4 Nf6 5. Nc3 a6 6. Be3 e5 7. Nb3 Be6 8. f3 Nbd7 9. Qd2 b5 10. 0-0-0 Be7 11. g4 Nb6 12. g5 Nfd7 13. Na5 b4 14. Nd5 Nxd5 15. exd5 Qxa5 16. dxe6 fxe6 17. Kb1 d5 18. Bh3 d4 19. Bf2 Qd5 20. f4 exf4 21. Bxd4 e5 22. Qf2 exd4 23. Bg2 1-0

[Event "GER OS-174 email"]
[Site "GER email"]
[Date "2011.09.30"]
[Round "?"]
[White "Poppek, Robert"]
[Black "Liewer, Markus"]
[Result "0-1"]
[WhiteElo "1512"]
[BlackElo "1771"]
[PlyCount "76"]
[EventDate "2011.10.04"]
[EventType "tourn (corr)"]
[EventRounds "6"]
[EventCountry "GER"]
[SourceTitle "Corr 2015"]
[Source "ChessBase"]
[SourceDate "2015.07.17"]
[SourceVersion "1"]
[SourceVersionDate "2015.07.17"]
[SourceQuality "1"]
[WhiteTeam "Germany"]
[BlackTeam "Germany"]
[WhiteTeamCountry "GER"]
[BlackTeamCountry "GER"]

1. e4 c5 2. Nf3 Nc6 3. Bb5 g6 4. 0-0 Bg7 5. Re1 Nf6 6. Nc3 0-0 7. e5 Ne8 8. d3 Nd4 9. Bc4 d6 10. Bg5 Be6 11. Bxe6 Nxe6 12. Bd2 Rc8 13. h4 h5 14. Bg5 Qd7 15. Qe2 Rc6 16. Qd2 dxe5 17. Nxe5 Bxe5 18. Rxe5 f6 19. Rd5 Nd6 20. Bh6 Rf7 21. Bf4 Nxf4 22. Qxf4 e6 23. Rxd6 Qxd6 24. Qh6 Rg7 25. Re1 f5 26. b3 Qd4 27. Ne2 Qf6 28. g3 e5 29. Qe3 g5 30. hxg5 Qxg5 31. Qxe5 Re7 32. f4 Rxe5 33. fxg5 Re3 34. Kf2 Rce6 35. a3 Re7 36. b4 cxb4 37. axb4 f4 38. gxf4 h4 0-1